000 01550cam a22004094i 4500
003 PE-LiUPU
005 20250731183401.0
008 17087 s1978 sp rb 000 0 spa d
020 _a8437601347
020 _a9788437601342
035 _a(Sirsi) a238191
040 _aPE-LiUPU
_bspa
_cPE-LiUPU
_erda
049 _aPRUA
082 0 4 _a720.3
_bJ53
_239
100 1 _aJiménez, Juan Ramón,
_eautor
245 1 0 _aVocabulario basico de arquitectura /
_cJuan Ramon Jimenes.
264 1 _aMadrid:
_bFernandez Ciudad,
_c1978.
300 _a339 páginas :
_bilustraciones ;
_c18 centimetros.
336 _atext
_2rdacontent
337 _aunmediated
_2rdamedia
338 _avolume
_2rdacarrier
490 0 _aCuaderno arte Cátedra
505 0 _avocabulario.
526 _aP158
526 _aP146
526 _aP17
526 _aP12
526 _aP06
650 0 4 _aVocabulario Basico de arquitectura
910 _ajck
_bjvq
_cksl
_d2017087
942 _2ddc
_cBOOK
949 _a720.3 J53
_wDEWEY
_c1
_i76710
_lCATALOGING
_mBUL
_p24.00
_r0
_sY
_tBOOK
_u2017-08-7
_xINGENIERIA
_PP06
_0COMPRA
_o.CIRCNOTE. El documento es de alto precio.
_o.STAFF. Colección Ingeniería y Arquitectura
994 _aC0
_bPEPRU
596 _a1
999 _a720.3 J53
_wLC
_c24895
_i76710
_d24895
_e2018-3-14
_f2021-11-9
_g4
_lCCODEBUL1
_mBUL
_n2
_p24.00
_q2
_r0
_sY
_tBOOK
_u2017-8-8
_xINGENIERIA
_PP06
_0COMPRA
_o.STAFF. Colección Ingeniería y Arquitectura
980 _81
_gALBERTO SANCHEZ Responsable de Automatización